Dva světy humanistického dialogu

Titel: Dva světy humanistického dialogu
Verfasser:
In: Slavia, Band 65 (1996), Seite 347-351
alle Artikel anzeigen
Veröffentlicht: 1996
Format: Aufsatz
Sprache: Tschechisch
Schlagworte:
Kein Bild verfügbar
X
alg: 39321200
001A    $01999:11-11-16 
001B    $03025:27-03-26 $t11:11:40.000 
001C    $06050:19-11-16 $t08:49:05.000 
001D    $01999:11-11-16 
001U    $0utf8 
001X    $00 
002@    $0Aox 
003@    $0393212009 
007A    $0393212009 $aHEB 
007T    $0Herdp03354 
010@    $acze 
011@    $a1996 
021A    $aDva světy humanistického dialogu 
028A    $aKolár $dJaroslav 
031A    $d65 $h347-351 $j1996 
037A    $aBetr. Augustinus Moravus und Václav Písecký 
039B    $aIn $8--Abvc--. Slavia. - Praha : Euroslavica, 1922-. - ISSN 0037-6736 $x199600000650000653 $9047278633 
044K    $RPoggio Bracciolini, Gian Francesco $RGuarinus $#Augustinus  $#Käsenbrot, Augustinus $#Augustinus  $#Augustinus  $#Käsebrod, Augustinus $#Käsenbrot, Augustin $#Augustin  $#Olomoucký, Augustin $#Moravský, Augustin $#Casenprot, Augustin $#Moravus, Augustinus $#Casenprot, Augustin Olomucensis $#Augustinus  $#Augustinus  $#Augustinus  $#Augustinus, Bischof von Olmütz $#Augustinus  $#Augustinus Moravus  $#Moravus Olomucensis, Augustinus $7100020127 $8$PAugustinus$lOlomucensis$Z1467-1513 [Tp1] $9122619749 
044K    $#Písecký, Václav Hladič $71038116589 $8Písecký, Václav$Z1483-1511 [Tp1] $9327084049 
045F    $a200.943710902 $eDDC23BSB 
045F/01 $a200.9 
045F/03 $f0902 
045F/03 $g4371 
045T    $a7,39 
045T    $aAVL $qDE-30 $2FID 

lok: 39321200 78

exp: 39321200 78 1 #EPN
201B/01 $031-08-18 $t22:43:16.000 
201U/01 $0utf8 
203@/01 $0789322366 
208@/01 $a11-11-16 $be 
209A/01 $a/ $f000 $x00 
220C/01 $aHerkunft: HÚ AV ČR Praha 
244Z/01 $#Tschechien $#Tschechische Republik $#Tschechien $#Tschechische Republik $#Tschechenland $#Tschechei Tschechien $#Česká Republika $#Czech Republic $#ČR $74303381-7 $8--Tg1--Tschechien $x01 $9086659812 
244Z/01 $2Trx $#Böhmen $#Bohemia $#Czechy $8--Trx--Čechy $x02 $9391188941 
244Z/01 $aGeschichte 1467-1513 $x03 
244Z/01 $#Augustinus  $#Käsenbrot, Augustinus $#Augustinus  $#Augustinus  $#Käsebrod, Augustinus $#Käsenbrot, Augustin $#Augustin  $#Olomoucký, Augustin $#Moravský, Augustin $#Casenprot, Augustin $#Moravus, Augustinus $#Casenprot, Augustin Olomucensis $#Augustinus  $#Augustinus  $#Augustinus  $#Augustinus, Bischof von Olmütz $#Augustinus  $#Augustinus Moravus  $#Moravus Olomucensis, Augustinus $7100020127 $8--Tp1--$PAugustinus$lOlomucensis$Z1467-1513 $x04 $9122619749 
244Z/01 $2Trx $8--Trx--Písecký, Václav$Z1482-1511 $x05 $9390563994 
244Z/01 $2Trx $#humanistid $#humanistai $#humanists $#humanisták $#humaniści $#humanisti $#humanisté $8--Trx--Humanisten $x06 $9391366424 
244Z/01 $2Trx $8--Trx--Zeitschriftenaufsatz $x07 $9391384341 
245Z/01 $a10.02.01 $x01 
247C/01 $82080>Marburg/Lahn, Herder-Institut, Forschungsbibliothek, Bibliographieportal $9336309341
LEADER 00000caa a22000002c 4500
001 393212009
003 DE-603
005 20260327111140.0
007 tu
008 161111s1996 xx |||| | u00||u|cze c
035 |a (DE-599)HEB393212009 
040 |a DE-603  |b ger  |c DE-603  |d DE-603 
041 |a cze 
082 0 4 |8 1\u  |a 200.943710902  |q DE-101  |2 23/BSB 
084 |a 7,39  |2 ssgn 
084 |a AVL  |q DE-30  |2 fid 
085 |8 1\u  |b 200.9 
085 |8 1\u  |z 1  |s 0902 
085 |8 1\u  |z 2  |s 4371 
100 1 |a Kolár, Jaroslav 
245 0 0 |a Dva světy humanistického dialogu 
264 0 |c 1996 
500 |a Betr. Augustinus Moravus und Václav Písecký 
600 0 7 |a Augustinus  |c Olomucensis  |d 1467-1513  |0 (DE-588)100020127  |0 (DE-603)122619749  |2 gnd 
600 1 7 |a Písecký, Václav  |d 1483-1511  |0 (DE-588)1038116589  |0 (DE-603)327084049  |2 gnd 
773 0 8 |i In  |t Slavia  |d Praha : Euroslavica, 1922-  |h 24 cm  |x 0037-6736  |g Band 65 (1996), Seite 347-351  |w (DE-603)047278633  |w (DE-600)204528-X 
924 0 |9 2080  |a (DE-603)789322366  |b DE-2080  |c HES  |d d  |g /